US Southwest and East Capitals - Statistics

General Stats
  • This quiz has been taken 12 times
  • The average score is 23 of 27
Answer Stats
Hint Answer % Correct
Georgia Atlanta
100%
Alabama Montgomery
100%
Arizona Phoenix
100%
Florida Tallahassee
100%
New York Albany
90%
Texas Austin
90%
Massachusetts Boston
90%
Delaware Dover
90%
Kentucky Frankfort
90%
Connecticut Hartford
90%
Arkansas Little Rock
90%
Tennessee Nashville
90%
Oklahoma Oklahoma CIty
90%
North Carolina Raleigh
90%
New Jersey Trenton
90%
Louisiana Baton Rouge
80%
West Virginia Charleston
80%
New Hampshire Concord
80%
Pennsylvania Harrisburg
80%
Mississippi Jackson
80%
Vermont Montpelier
80%
Rhode Island Providence
80%
Virginia Richmond
80%
New Mexico Santa Fe
80%
Maryland Annapolis
70%
Maine Augusta
70%
South Carolina Columbia
70%
No matching quizzes found
Score Distribution
Percent of People with Each Score
Percentile by Number Answered
Your Score History
You have not taken this quiz